| 000 | 01712cam a22004937i 4500 | ||
|---|---|---|---|
| 001 | 2831 | ||
| 003 | FISKH | ||
| 005 | 20240116144347.0 | ||
| 008 | 130424s2013 nyua j 000 1 eng d | ||
| 010 | _a 2013938770 | ||
| 020 | _a9780448462653 (paperback) | ||
| 020 | _a0448462656 (paperback) | ||
| 020 | _a9780448465715 (hardcover) | ||
| 020 | _a044846571X (hardcover) | ||
| 020 | _a9781480614178 (Paw Prints) | ||
| 020 | _a1480614173 (Paw Prints) | ||
| 035 | _a(OCoLC)ocn816029508 | ||
| 040 |
_aBTCTA _beng _cBTCTA _erda _dNYP _dOCLCQ _dDAD _dOCLCF _dDLC |
||
| 042 | _alccopycat | ||
| 050 | 0 | 0 |
_aPZ7.I45 _bIc 2013 |
| 082 | 0 | 4 |
_a[E] _223 |
| 100 | 1 | _aIngalls, Ann, | |
| 245 | 1 | 0 |
_aIce cream soup / _cby Ann Ingalls ; illustrated by Richard Watson. |
| 260 |
_aNew York : _bPenguin Young Readers, _c2013 |
||
| 300 |
_a32 pages : _bcolor illustrations ; _c23 cm |
||
| 336 |
_atext _btxt _2rdacontent |
||
| 336 |
_astill image _bsti _2rdacontent |
||
| 337 |
_aunmediated _bn _2rdamedia |
||
| 338 |
_avolume _bnc _2rdacarrier |
||
| 490 |
_aPenguin Young Readers _vlevel 1 |
||
| 505 | _aE | ||
| 520 | _a"Look at what I can make. I can make an ice cream cake! One scoop, two scoops, ice cream goop. I think I made some ice cream soup!"--P. [4] of cover. | ||
| 521 | 8 |
_a260
_bLexile |
|
| 521 | 8 |
_aE
_bRaz-Plus |
|
| 650 | 0 |
_aIce cream, ices, etc. _vJuvenile fiction. |
|
| 650 | 0 |
_aCooking _vJuvenile fiction. |
|
| 650 | 0 |
_aDesserts _vJuvenile fiction. |
|
| 650 | 1 |
_aIce cream, ices, etc. _vFiction. |
|
| 650 | 1 |
_aCooking _vFiction. |
|
| 650 | 1 |
_aDesserts _vFiction. |
|
| 700 | 1 |
_aWatson, Richard, _eillustrator. |
|
| 906 |
_a7 _bcbc _ccopycat _d2 _encip _f20 _gy-gencatlg |
||
| 942 |
_2ddc _cBK _n0 |
||
| 999 |
_c2831 _d2831 |
||